ARRUPE JESUIT UNIVERSITY

CORONAVIRUS -STOP THE SPREAD - CLEAN,DISINFECT,COVER

Parmenides (Record no. 40078)

MARC details
000 -LEADER
fixed length control field 00530nam a2200217Ia 4500
003 - CONTROL NUMBER IDENTIFIER
control field 0100
008 - FIXED-LENGTH DATA ELEMENTS--GENERAL INFORMATION
fixed length control field 130303s9999 xx 000 0 und d
040 ## - CATALOGING SOURCE
Transcribing agency ARRUPELIB
050 ## - LIBRARY OF CONGRESS CALL NUMBER
Classification number B235P22E6
300 ## - PHYSICAL DESCRIPTION
Other physical details 314p. 21cm.
100 ## - MAIN ENTRY--PERSONAL NAME
Personal name Taran, Leonardo
245 ## - TITLE STATEMENT
Title Parmenides
245 ## - TITLE STATEMENT
Remainder of title a text with translation, commentary, and critical essays
260 ## - PUBLICATION, DISTRIBUTION, ETC. (IMPRINT)
Place of publication, distribution, etc New Jersey
260 ## - PUBLICATION, DISTRIBUTION, ETC. (IMPRINT)
Name of publisher, distributor, etc Princeton University Press
260 ## - PUBLICATION, DISTRIBUTION, ETC. (IMPRINT)
-- 1965
300 ## - PHYSICAL DESCRIPTION
Extent xv
650 ## - SUBJECT ADDED ENTRY--TOPICAL TERM
Topical term following geographic name as entry element Western philosophy
700 ## - ADDED ENTRY--PERSONAL NAME
Personal name Parmenides
942 00 - ADDED ENTRY ELEMENTS (KOHA)
Koha issues (borrowed), all copies 2
Holdings
Withdrawn status Lost status Source of classification or shelving scheme Damaged status Not for loan Collection code Home library Current library Shelving location Date acquired Total Checkouts Full call number Barcode Date last seen Date checked out Copy number Price effective from Koha item type
    Library of Congress Classification     Main Collection ARRUPE LIBRARY ARRUPE LIBRARY   04/03/2013 7 B235P22E6 46003004692 08/11/2022 25/10/2022 1 04/03/2013 Monograph ( Printed materials)

 

Arrupe Library. PO Box MP320 Mt Pleasant, Harare, Zimbabwe
263 242 745411|librarian@aju.ac.zw